Pensamientos Globales
Zapisane w:
| Główni autorzy: | , |
|---|---|
| Korporacja: | |
| Format: | Książka |
| Język: | hiszpański |
| Wydane: |
Santa Cruz de la Sierra
Artes Gráficas Serrano
2001
|
| Wydanie: | 1a. ed |
| Hasła przedmiotowe: | |
| Etykiety: |
Dodaj etykietę
Nie ma etykietki, Dołącz pierwszą etykiete!
|
MARC
| LEADER | 00000nam a2200000 a 4500 | ||
|---|---|---|---|
| 001 | UCL8605 | ||
| 003 | CL-VaPUC | ||
| 008 | 040702e20011000BO |||||||||||||||||spa|d | ||
| 082 | 0 | 4 | |a 330.09 |b LAI |2 21 |
| 100 | 0 | |a Lairana Franco, Luis |e author |9 486498 | |
| 700 | 0 | |a Abuawad Sainz, Sammy |e author |9 486499 | |
| 110 | 2 | |a Universidad Autónoma Gabriel René Moreno |e author |9 486500 | |
| 245 | 1 | 0 | |a Pensamientos Globales |
| 246 | 1 | 0 | |a Inexistencia del liberalismo económico y político |
| 246 | 1 | 0 | |a Gobierno versus mercado |
| 250 | |a 1a. ed | ||
| 300 | |a 195 p | ||
| 942 | |c BK | ||
| 945 | |d 20040702 00:00:00 |a cmena | ||
| 260 | |a Santa Cruz de la Sierra |b Artes Gráficas Serrano |c 2001 | ||
| 650 | 0 | |a Globalización |9 361930 | |
| 650 | 0 | |a Análisis económico |9 259939 | |
| 650 | 0 | |a Liberalismo |9 255715 | |
| 650 | 7 | |a ESTATISMO |2 CL-VaPUC |9 409494 | |
| 651 | 0 | |a Bolivia |9 255454 | |
| 583 | |a last modification |c 20040702 00:00:00 |k Rodrigo Vera | ||
| 999 | |c 309809 |d 309807 | ||
| 952 | |0 0 |1 0 |4 0 |6 330_090000000000000_LAI_2001 |7 0 |8 P |9 377568 |a BIBEDU |b BIBEDU |c BIBEDU_PB |d 2019-11-21 |i 4026136 |o 330.09 LAI 2001 |p 4026136 |r 2024-01-25 |w 2019-11-21 |y BK |k EDU | ||